[Event "Championnats de la Loire jeunes - pouss"]
[Site "St-Etienne"]
[Date "????.??.??"]
[Round "1.1"]
[White "Desassis, Emmeran"]
[Black "Desassis, Maxence"]
[Result "0-1"]
[WhiteElo "1009"]
[BlackElo "1290"]
[PlyCount "94"]

1. e4 c6 2. Nc3 d5 3. f3 e6 4. exd5 cxd5 5. Bb5+ Bd7 6. Bxd7+ Qxd7 7. Qe2 Nc6
8. Qb5 Nf6 9. Nge2 Ne5 10. Qxd7+ Nfxd7 11. Na4 Nc5 12. Nec3 Nxa4 13. Nxa4 Nd7
14. c3 Nc5 15. Nxc5 Bxc5 16. b4 Bb6 17. Rf1 O-O 18. d3 d4 19. c4 Bc7 20. c5
Bxh2 21. Rh1 Bg3+ 22. Ke2 b6 23. Be3 dxe3 24. Kxe3 bxc5 25. bxc5 Be5 26. Rac1
Bb2 27. Rc2 Rab8 28. c6 Rfc8 29. c7 Rb7 30. Rb1 Bd4+ 31. Kxd4 Rxb1 32. Kc3
Rxc7+ 33. Kd2 Rxc2+ 34. Kxc2 Rg1 35. a3 Rxg2+ 36. Kc3 Rf2 37. a4 Rxf3 38. Kb4
Kf8 39. a5 Ke8 40. Kb5 Kd8 41. a6 Rxd3 42. Kc6 Kc8 43. Kb5 Rc3 44. Kb4 Rb3+ 45.
Ka4 Rb1 46. Ka3 Kc7 47. Ka2 Rb8 0-1

[Event "Championnats de la Loire jeunes - pouss"]
[Site "St-Etienne"]
[Date "????.??.??"]
[Round "1.2"]
[White "Vinot, Alexandre"]
[Black "Gidrol, Celine"]
[Result "1-0"]
[WhiteElo "1240"]
[BlackElo "1009"]
[PlyCount "67"]

1. e4 e5 2. Nf3 c6 3. Bc4 b6 4. Ng5 a6 5. Nxf7 Ne7 6. Nxd8 d6 7. Nf7 Ng6 8.
Nxh8 Ne7 9. Nc3 Ra7 10. Na4 Nd7 11. Qh5+ Kd8 12. Qf7 Kc7 13. Be6 Nc5 14. Nxc5
Kb8 15. Qxf8 bxc5 16. Bxc8 Kc7 17. Qxe7+ Kb8 18. Qd8 Ra8 19. Bxa6+ Ka7 20. Qc7+
Kxa6 21. Qxc6+ Ka5 22. Qxa8+ Kb5 23. O-O g6 24. Re1 h6 25. Nxg6 h5 26. Re3 c4
27. a4+ Kc5 28. Qd5+ Kb4 29. c3+ Kb3 30. Ra3+ Kc2 31. Re1 Kb1 32. Qxc4 Kc2 33.
Qb3+ Kd3 34. Re3# 1-0

[Event "Championnats de la Loire jeunes - pouss"]
[Site "St-Etienne"]
[Date "????.??.??"]
[Round "1.3"]
[White "Nogier, Joris"]
[Black "Chambosse, Alexis"]
[Result "0-1"]
[WhiteElo "1009"]
[BlackElo "1009"]
[PlyCount "66"]

1. e4 e5 2. Nf3 Nc6 3. Bc4 Nf6 4. Nc3 Bc5 5. d3 Ng4 6. O-O O-O 7. Ng5 h6 8.
Qxg4 hxg5 9. Bxg5 Qe8 10. Na4 d6 11. Qg3 Nd4 12. Qg4 Bxg4 13. Rae1 Qxa4 14. b3
Qxa2 15. h3 Be2 16. Rxe2 Nxe2+ 17. Kh2 Qxc2 18. Rh1 c6 19. Be7 Rfe8 20. Bh4 b5
21. d4 Nxd4 22. Bf1 Nxb3 23. g3 Qxf2+ 24. Bg2 Nd4 25. Rf1 Nf3+ 26. Kh1 Qe2 27.
Bxf3 Qe3 28. Bg2 d5 29. exd5 cxd5 30. Bxd5 Rab8 31. Bc6 Red8 32. Bg2 b4 33. Rf3
Qg1# 0-1

[Event "Championnats de la Loire jeunes - pouss"]
[Site "St-Etienne"]
[Date "????.??.??"]
[Round "1.4"]
[White "Debernardi, Hippolyte"]
[Black "Oriol, Nicolas"]
[Result "1-0"]
[WhiteElo "1009"]
[BlackElo "1009"]
[PlyCount "45"]

1. e4 e5 2. d4 exd4 3. Qxd4 b6 4. Nc3 Bc5 5. Qd5 c6 6. Qd1 d6 7. Nf3 d5 8. exd5
cxd5 9. Nxd5 Be6 10. Bb5+ Bd7 11. Qe2+ Kf8 12. Bxd7 Nxd7 13. Bg5 Qc8 14. O-O-O
Nb8 15. Rde1 Na6 16. Be7+ Bxe7 17. Nxe7 Nf6 18. Nxc8 Rxc8 19. Qe7+ Kg8 20. Re2
Rf8 21. Rhe1 Re8 22. Qxe8+ Nxe8 23. Rxe8# 1-0

[Event "Championnats de la Loire jeunes - pouss"]
[Site "St-Etienne"]
[Date "????.??.??"]
[Round "2.1"]
[White "Desassis, Maxence"]
[Black "Debernardi, Hippolyte"]
[Result "0-1"]
[WhiteElo "1290"]
[BlackElo "1009"]
[PlyCount "128"]

1. e4 e5 2. Nf3 Nc6 3. Bc4 Bc5 4. O-O Nf6 5. Re1 O-O 6. c3 d6 7. d4 exd4 8.
cxd4 Bb4 9. Nbd2 Bxd2 10. Bxd2 Bg4 11. Bg5 Bxf3 12. Qxf3 Nxd4 13. Qf4 Nc2 14.
Bxf6 Qxf6 15. Qxf6 gxf6 16. Rac1 Nxe1 17. Rxe1 c6 18. Re3 Rad8 19. Rh3 d5 20.
exd5 cxd5 21. Bd3 Rc8 22. Bxh7+ Kg7 23. g3 Rh8 24. Bf5 Rc1+ 25. Kg2 Rxh3 26.
Bxh3 Rc2 27. Bf5 Rxb2 28. h4 Rxa2 29. h5 Kh6 30. g4 Kg5 31. Kg3 a5 32. f4+ Kh6
33. Kh4 Rh2+ 34. Kg3 Rd2 35. Kh4 Rh2+ 36. Kg3 Rxh5 37. gxh5 Kxh5 38. Bc8 b5 39.
Bg4+ Kh6 40. Bd7 b4 41. Ba4 d4 42. Kf2 f5 43. Ke2 Kh5 44. Kd3 Kg4 45. Kxd4 Kxf4
46. Kd3 Kg4 47. Bb3 f4 48. Bxf7 a4 49. Be6+ Kg3 50. Ke2 f3+ 51. Kf1 f2 52. Ke2
b3 53. Bf5 a3 54. Bb1 a2 55. Bxa2 bxa2 56. Ke3 a1=Q 57. Ke4 Qe1+ 58. Kd4 f1=Q
59. Kc5 Qf5+ 60. Kd4 Qee4+ 61. Kc3 Qf2 62. Kb3 Qff3+ 63. Kb2 Qee2+ 64. Kb1
Qff1# 0-1

[Event "Championnats de la Loire jeunes - pouss"]
[Site "St-Etienne"]
[Date "????.??.??"]
[Round "2.2"]
[White "Chambosse, Alexis"]
[Black "Vinot, Alexandre"]
[Result "1/2-1/2"]
[WhiteElo "1009"]
[BlackElo "1240"]
[PlyCount "84"]

1. e4 e5 2. d4 Nc6 3. d5 Na5 4. Nf3 Bb4+ 5. Bd2 Nf6 6. Nxe5 Nxe4 7. c3 Bc5 8.
b4 Nc4 9. bxc5 Nxe5 10. Qc2 d6 11. Qxe4 f6 12. cxd6 cxd6 13. Bb5+ Bd7 14. Bxd7+
Qxd7 15. O-O O-O 16. c4 Rac8 17. Nc3 b6 18. Rfe1 a6 19. Rab1 Rce8 20. Rxb6 Qc7
21. Rc6 Nxc6 22. Qg4 Nb4 23. h3 Nc2 24. Rc1 Na3 25. Ne4 Re5 26. Ng5 fxg5 27.
Bc3 Rf4 28. Qh5 Rh4 29. Qf3 Qe7 30. Rf1 Rxc4 31. Bb2 Nc2 32. Rc1 Rf4 33. Qd3
Rd4 34. Qxc2 Rdxd5 35. Bxe5 Qxe5 36. Qc8+ Kf7 37. Qc7+ Kf6 38. Qd8+ Kf5 39.
Qf8+ Kg6 40. Qf3 Rd4 41. Rd1 Rxd1+ 42. Qxd1 d5 1/2-1/2

[Event "Championnats de la Loire jeunes - pouss"]
[Site "St-Etienne"]
[Date "????.??.??"]
[Round "2.3"]
[White "Oriol, Nicolas"]
[Black "Desassis, Emmeran"]
[Result "1-0"]
[WhiteElo "1009"]
[BlackElo "1009"]
[PlyCount "21"]

1. e4 e5 2. Bc4 Bb4 3. Qf3 Nf6 4. Qd1 Be7 5. Nf3 O-O 6. O-O Re8 7. Nc3 Nxe4 8.
Nxe4 g6 9. Nxe5 Kh8 10. Nxf7+ Kg8 11. Nxd8+ {Txd8 impossible !} 1-0

[Event "Championnats de la Loire jeunes - pouss"]
[Site "St-Etienne"]
[Date "????.??.??"]
[Round "2.4"]
[White "Gidrol, Celine"]
[Black "Nogier, Joris"]
[Result "0-1"]
[WhiteElo "1009"]
[BlackElo "1009"]
[PlyCount "72"]

1. d3 e5 2. Nf3 Nc6 3. e3 Bc5 4. Be2 d5 5. d4 exd4 6. exd4 Nxd4 7. Nxd4 Bxd4 8.
Qxd4 Nf6 9. O-O O-O 10. Be3 Ng4 11. h3 Nxe3 12. fxe3 b6 13. Bh5 c5 14. Qd1 d4
15. Rf3 Qe8 16. Qf1 dxe3 17. Qf2 exf2+ 18. Kxf2 a5 19. Nc3 c4 20. Rh1 b5 21. a3
b4 22. b3 bxc3 23. Kg1 cxb3 24. cxb3 c2 25. Rf1 Ba6 26. Rc1 Rc8 27. Kh2 Qe5+
28. Kg1 Qxh5 29. Rh2 Qc5+ 30. Kh1 Qe5 31. g3 Qd5+ 32. Kg1 Rce8 33. Kf2 Re6 34.
Rxc2 Qf5+ 35. Kg2 Qxc2+ 36. Kh1 Re1# 0-1

[Event "Championnats de la Loire jeunes - pouss"]
[Site "St-Etienne"]
[Date "????.??.??"]
[Round "3.1"]
[White "Debernardi, Hippolyte"]
[Black "Chambosse, Alexis"]
[Result "1-0"]
[WhiteElo "1009"]
[BlackElo "1009"]
[PlyCount "87"]

1. e4 e5 2. d4 d5 3. dxe5 dxe4 4. Qxd8+ Kxd8 5. Bg5+ Be7 6. Bxe7+ Nxe7 7. Nc3
Nf5 8. Nxe4 Nd4 9. O-O-O Bf5 10. Rxd4+ Nd7 11. Nc5 b6 12. Nxd7 Bxd7 13. Bb5 c6
14. Bxc6 Kc7 15. Bxd7 Rhd8 16. Rc4+ Kb7 17. Bc6+ Kc7 18. Bxa8+ Kd7 19. Rd4+ Ke8
20. Rxd8+ Kxd8 21. Nf3 Kc8 22. Rd1 Kc7 23. Ng5 Kb8 24. Bd5 h6 25. Nxf7 Kc7 26.
f4 Kd7 27. Bb7+ Ke7 28. Nd8 g6 29. Nc6+ Ke6 30. Nd8+ Ke7 31. g4 Ke8 32. f5 gxf5
33. gxf5 a5 34. e6 b5 35. f6 a4 36. f7+ Ke7 37. b3 h5 38. bxa4 bxa4 39. Rd7+
Kf8 40. e7+ Kg7 41. f8=Q+ Kg6 42. e8=Q+ Kg5 43. Rd5+ Kh4 44. Qxh5# 1-0

[Event "Championnats de la Loire jeunes - pouss"]
[Site "St-Etienne"]
[Date "????.??.??"]
[Round "3.2"]
[White "Vinot, Alexandre"]
[Black "Desassis, Maxence"]
[Result "0-1"]
[WhiteElo "1240"]
[BlackElo "1290"]
[PlyCount "54"]

1. e4 c6 2. Nf3 d5 3. d3 Bg4 4. Bg5 Bxf3 5. Qxf3 f6 6. Bf4 e5 7. Bg3 Bb4+ 8. c3
Ba5 9. Qg4 Nh6 10. Qxg7 Nf7 11. Be2 d4 12. Bh5 Rf8 13. Bh4 dxc3 14. bxc3 Qxd3
15. Be2 Bxc3+ 16. Nxc3 Qxc3+ 17. Kd1 Qxa1+ 18. Kd2 Qxh1 19. Bxf6 Qxh2 20. Qg4
Qh6+ 21. Kd3 Qxf6 22. g3 Qd8+ 23. Ke3 Qd4+ 24. Kf3 Nh6+ 25. Kg2 Nxg4 26. Bxg4
Qxe4+ 27. Kh3 Qh1# 0-1

[Event "Championnats de la Loire jeunes - pouss"]
[Site "St-Etienne"]
[Date "????.??.??"]
[Round "3.3"]
[White "Nogier, Joris"]
[Black "Oriol, Nicolas"]
[Result "0-1"]
[WhiteElo "1009"]
[BlackElo "1009"]
[PlyCount "84"]

1. e4 e5 2. d4 d5 3. exd5 Qxd5 4. b3 exd4 5. Bc4 Qd7 6. Nf3 Qd8 7. c3 dxc3 8.
Qxd8+ Kxd8 9. O-O c2 10. Bg5+ Ke8 11. Bb5+ Bd7 12. Re1+ Be7 13. Bc1 Bxb5 14. a4
Bd3 15. Nbd2 Kd8 16. Re3 Ba6 17. Nd4 Bf6 18. Nxc2 Bxa1 19. Nxa1 Nc6 20. Bb2 Nb4
21. Ba3 Nd5 22. Re4 Nc3 23. h3 Nxe4 24. Nxe4 Nf6 25. Nc5 Be2 26. Nxb7+ Kc8 27.
Na5 Rd8 28. b4 Rd1+ 29. Kh2 Rxa1 30. Bb2 Rxa4 31. Bc3 Ne4 32. Bxg7 Rxb4 33. Nc6
Rc4 34. Na5 Rc3 35. Bxc3 Nxc3 36. g4 Rb8 37. g5 Rb5 38. Nb3 Rxb3 39. g6 hxg6
40. h4 Ne4 41. Kg2 Bf3+ 42. Kf1 Rb1# 0-1

[Event "Championnats de la Loire jeunes - pouss"]
[Site "St-Etienne"]
[Date "????.??.??"]
[Round "4.1"]
[White "Vinot, Alexandre"]
[Black "Debernardi, Hippolyte"]
[Result "1-0"]
[WhiteElo "1240"]
[BlackElo "1009"]
[PlyCount "41"]

1. e4 e5 2. Nf3 Nc6 3. Bc4 Bc5 4. O-O Nf6 5. Ng5 O-O 6. d3 d6 7. Be3 Bg4 8. Qd2
Bb4 9. Nc3 Bxc3 10. bxc3 a6 11. Rab1 b5 12. g3 bxc4 13. d4 exd4 14. cxd4 Re8
15. d5 Nxe4 16. Nxe4 Nb8 17. Bg5 Qd7 18. Bf6 Rxe4 19. Qg5 g6 20. Qh6 Be2 21.
Qg7# 1-0

[Event "Championnats de la Loire jeunes - pouss"]
[Site "St-Etienne"]
[Date "????.??.??"]
[Round "4.2"]
[White "Desassis, Maxence"]
[Black "Oriol, Nicolas"]
[Result "1-0"]
[WhiteElo "1290"]
[BlackElo "1009"]
[PlyCount "47"]

1. e4 e5 2. Nf3 Nc6 3. Bc4 Bc5 4. O-O Nf6 5. Re1 O-O 6. c3 d6 7. d4 exd4 8.
cxd4 Nxd4 9. Nxd4 Bg4 10. Be2 Qc8 11. Bg5 Bb4 12. Nc3 c5 13. Nc2 Re8 14. Bxf6
gxf6 15. Bxg4 f5 16. Bxf5 Qb8 17. Nxb4 cxb4 18. Qg4+ Kf8 19. Nd5 Re5 20. f4 Re7
21. Nxe7 Kxe7 22. e5 dxe5 23. Rxe5+ Kf6 24. Qg5# 1-0

[Event "Championnats de la Loire jeunes - pouss"]
[Site "St-Etienne"]
[Date "????.??.??"]
[Round "5.1"]
[White "Debernardi, Hippolyte"]
[Black "Nogier, Joris"]
[Result "1-0"]
[WhiteElo "1009"]
[BlackElo "1009"]
[PlyCount "131"]

1. e4 e5 2. d4 d5 3. dxe5 d4 4. Bb5+ c6 5. Bf1 Bb4+ 6. Bd2 Bc5 7. g3 Be6 8. Na3
Qd7 9. Bg2 Bg4 10. Nf3 Bh3 11. O-O Nh6 12. Bxh6 gxh6 13. c3 d3 14. b4 Bb6 15.
c4 O-O 16. c5 Bxc5 17. bxc5 Na6 18. Rc1 d2 19. Qxd2 Rad8 20. Qxd7 Rxd7 21. Bxh3
Rd3 22. Bg2 Nxc5 23. Rxc5 Rxa3 24. Ra1 b6 25. Rxc6 h5 26. Rh6 a5 27. Ng5 f5 28.
exf5 Rxf5 29. Nxh7 Rf7 30. Ng5 Rf5 31. Ne6 Rxe5 32. Nc7 Re7 33. Nb5 Rd3 34. Bf1
Rd5 35. Rd6 Ree5 36. Rxd5 Rxd5 37. Bc4 a4 38. Bxd5+ Kh8 39. Rc1 a3 40. Rc3 Kg7
41. Rxa3 Kh6 42. Ra6 Kg5 43. Rxb6 Kg4 44. Rg6+ Kf5 45. Ra6 Ke5 46. Bg8 Kf5 47.
Be6+ Kg5 48. Nd6 Kh6 49. Nf7+ Kg6 50. Bb3+ Kg7 51. f4 Kh7 52. Ng5+ Kg7 53. a4
Kh8 54. Ra7 h4 55. Ra6 hxg3 56. Rh6+ Kg7 57. Ra6 gxh2+ 58. Kxh2 Kf8 59. Rb6 Ke7
60. a5 Kd7 61. a6 Kc7 62. Rh6 Kb8 63. Rh7 Ka8 64. Bd5+ Kb8 65. a7+ Kc8 66.
a8=R# 1-0

[Event "Championnats de la Loire jeunes - pouss"]
[Site "St-Etienne"]
[Date "????.??.??"]
[Round "5.2"]
[White "Gidrol, Celine"]
[Black "Desassis, Maxence"]
[Result "0-1"]
[WhiteElo "1009"]
[BlackElo "1290"]
[PlyCount "64"]

1. e4 c6 2. b3 d5 3. Ne2 Bg4 4. d3 Nf6 5. Bd2 e5 6. Nbc3 Ba3 7. f3 Bb2 8. Rb1
Bxc3 9. Rc1 Bb2 10. Rb1 Bd4 11. Qc1 dxe4 12. fxe4 Bxe2 13. Bxe2 O-O 14. Qb2
Bxb2 15. Rxb2 Qd4 16. a3 Qxb2 17. Kf2 Qxc2 18. Bc3 Ng4+ 19. Kf3 Qxc3 20. Kxg4
Qxb3 21. a4 Qe6+ 22. Kg3 Qg6+ 23. Kf2 b5 24. Rg1 Qf6+ 25. Ke1 Qh4+ 26. Kf1 Qf4+
27. Ke1 bxa4 28. Rh1 a3 29. Bd1 Qe3+ 30. Kf1 a2 31. Bc2 a1=Q+ 32. Bd1 Qxd1# 0-1

[Event "Championnats de la Loire jeunes - pouss"]
[Site "St-Etienne"]
[Date "????.??.??"]
[Round "5.3"]
[White "Oriol, Nicolas"]
[Black "Vinot, Alexandre"]
[Result "0-1"]
[WhiteElo "1009"]
[BlackElo "1240"]
[PlyCount "30"]

1. e4 e5 2. Bc4 Nf6 3. Nf3 Bc5 4. O-O O-O 5. Nc3 Nc6 6. d3 d6 7. Bg5 Bg4 8. Qd2
Bxf3 9. Bxf6 Qxf6 10. gxf3 Qxf3 11. Rfe1 Rad8 12. Ne2 Ne7 13. a4 Ng6 14. a5 Nh4
15. a6 Qg2# 0-1

[Event "Championnats de la Loire jeunes - pupil"]
[Site "St-Etienne"]
[Date "????.??.??"]
[Round "1.1"]
[White "Charron, Arthur"]
[Black "Carrot, Axel"]
[Result "0-1"]
[WhiteElo "1099"]
[BlackElo "1340"]
[PlyCount "46"]

1. e4 e5 2. Nf3 Nc6 3. Bc4 Nf6 4. d3 Bc5 5. O-O d6 6. Bg5 O-O 7. Nc3 h6 8. Bh4
Qe7 9. Nd5 Qd8 10. Nxf6+ gxf6 11. c3 Bg4 12. d4 exd4 13. cxd4 Bxd4 14. Qd2 Bxf3
15. gxf3 Kh7 16. Kh1 Qe7 17. Qc1 Qe5 18. Rg1 Bxb2 19. Qd2 Bxa1 20. Rxa1 Qxa1+
21. Kg2 Rg8+ 22. Kh3 Qg1 23. Bxf7 Qg2# 0-1

[Event "Championnats de la Loire jeunes - pupil"]
[Site "St-Etienne"]
[Date "????.??.??"]
[Round "1.2"]
[White "Gidrol, Thibault"]
[Black "Grail, Jim"]
[Result "1-0"]
[WhiteElo "1280"]
[BlackElo "1099"]
[PlyCount "39"]

1. e4 e5 2. d3 Qf6 3. Ne2 Bc5 4. f3 Ne7 5. Nbc3 Nbc6 6. f4 exf4 7. Nxf4 Ne5 8.
Nh3 Ng4 9. Qd2 Nc6 10. Qe2 d6 11. Bg5 Qd4 12. Nb5 Qxb2 13. Rc1 Qxb5 14. d4 Bxd4
15. Qxb5 Bc3+ 16. Bd2 O-O 17. Bxc3 Re8 18. Qg5 Rxe4+ 19. Be2 Be6 20. Qxg7# 1-0

[Event "Championnats de la Loire jeunes - pupil"]
[Site "St-Etienne"]
[Date "????.??.??"]
[Round "1.3"]
[White "Paran, Gregoire"]
[Black "Desassis, Gregoire"]
[Result "0-1"]
[WhiteElo "1099"]
[BlackElo "1260"]
[PlyCount "116"]

1. e4 e6 2. d4 d5 3. Nc3 c5 4. Nf3 Nc6 5. Bb5 Bd7 6. exd5 exd5 7. Nxd5 Bg4 8.
dxc5 Bxc5 9. O-O Be6 10. Re1 Nh6 11. Bg5 Qd6 12. Bf4 Qd7 13. Nc7+ Kd8 14. Nxa8
Ng4 15. Rf1 a6 16. Ne5 Ngxe5 17. Bxe5 axb5 18. Bc7+ Kc8 19. Qxd7+ Kxd7 20.
Rad1+ Ke7 21. Nb6 Bxb6 22. Bxb6 Bc4 23. Rfe1+ Be6 24. Bc5+ Kf6 25. Bd4+ Kg6 26.
Re3 h6 27. Rg3+ Kh5 28. Bxg7 Re8 29. Rdd3 Bg4 30. h3 Re1+ 31. Kh2 Bf5 32. Rd5
Ne7 33. Re5 Rxe5 34. Bxe5 Bxc2 35. Bf6 Nf5 36. Rg7 Nxg7 37. g4+ Kg6 38. Bd4 Ne6
39. Bc3 h5 40. gxh5+ Kxh5 41. Kg3 Bf5 42. f4 Bb1 43. Kf3 Kh4 44. Ke3 Kg3 45.
Be5 Bxa2 46. f5+ Kh4 47. fxe6 Bxe6 48. Bf6+ Kxh3 49. Kd3 Kg4 50. Kc3 Kf5 51.
Bh8 Ke4 52. b3 f5 53. Bd4 f4 54. Bb6 Kf3 55. Kd2 Bxb3 56. Ke1 Bc4 57. Bd4 Ke4
58. Bb6 b4 0-1

[Event "Championnats de la Loire jeunes - pupil"]
[Site "St-Etienne"]
[Date "????.??.??"]
[Round "1.4"]
[White "Chambosse, Ludine"]
[Black "Rivet, Quentin"]
[Result "0-1"]
[WhiteElo "1220"]
[BlackElo "1099"]
[PlyCount "80"]

1. e4 e5 2. Nf3 Nc6 3. d4 d6 4. Bd3 Nf6 5. c3 Bg4 6. O-O Be7 7. h3 Bxf3 8. Qxf3
O-O 9. Na3 exd4 10. c4 Ne5 11. Qe2 c5 12. Bg5 Nfd7 13. Bxe7 Qxe7 14. Nb5 Qg5
15. Nxd6 b6 16. b3 Nxd3 17. Qxd3 Ne5 18. Qg3 Qf6 19. Nf5 Ng6 20. Nh4 Nxh4 21.
Rfe1 Ng6 22. e5 Qf5 23. Qf3 Qg5 24. Qg3 Qd8 25. e6 f6 26. e7 Nxe7 27. Re3 dxe3
28. Qxe3 Qc7 29. Re1 Rfe8 30. Qe4 Rad8 31. g4 Rd4 32. Qe6+ Kf8 33. g5 f5 34. a4
Qf4 35. Qe2 Qxg5+ 36. Kh1 Rh4 37. Qg4 fxg4 38. Kg2 gxh3+ 39. Kf1 Nf5 40. Rd1
Qg2# 0-1

[Event "Championnats de la Loire jeunes - pupil"]
[Site "St-Etienne"]
[Date "????.??.??"]
[Round "2.1"]
[White "Carrot, Axel"]
[Black "Desassis, Gregoire"]
[Result "0-1"]
[WhiteElo "1340"]
[BlackElo "1260"]
[PlyCount "146"]

1. d4 d5 2. Nf3 e6 3. Bf4 Nc6 4. e3 Nf6 5. Bg5 Bd6 6. Bd3 O-O 7. O-O Re8 8. Nc3
e5 9. dxe5 Nxe5 10. Bxf6 Qxf6 11. Nxd5 Nxf3+ 12. Qxf3 Qe5 13. g3 Bh3 14. Rfb1
c6 15. Nf4 Bf5 16. Bxf5 Qxf5 17. Rc1 Be5 18. c3 Rad8 19. Qh5 Qe4 20. Qg5 Qf3
21. Qh5 Qe4 22. Qh4 Rd2 23. b3 Qf3 24. Rf1 Bxc3 25. Rac1 Red8 26. Qh5 Qxh5 27.
Nxh5 Bb2 28. Rb1 Be5 29. f4 Bd4 30. a4 Bc5 31. Rfe1 Re8 32. Kf1 Bxe3 33. Re2 f6
34. Rxd2 Bxd2 35. f5 Kf7 36. Rd1 Bg5 37. Rd7+ Kf8 38. Rxb7 Re5 39. Rxa7 Rxf5+
40. Kg2 Be3 41. Rxg7 Rxh5 42. Rc7 Rc5 43. Rxh7 Rc3 44. Rc7 Bb6 45. Rb7 Rxb3 46.
h4 c5 47. h5 Rb2+ 48. Kh3 c4 49. h6 Kg8 50. h7+ Kh8 51. a5 c3 52. Rxb6 c2 53.
Rxb2 c1=Q 54. Ra2 Qc4 55. Ra3 Kxh7 56. a6 Qc8+ 57. g4 Kg6 58. a7 Qa8 59. Kg3 f5
60. gxf5+ Kxf5 61. Ra6 Ke5 62. Kg4 Kd5 63. Kf5 Qc8+ 64. Kf4 Qxa6 65. Kf5 Qxa7
66. Kf6 Ke4 67. Ke6 Qa5 68. Kd6 Qd5+ 69. Kc7 Qe6 70. Kb8 Qe7 71. Kc8 Kd5 72.
Kb8 Kc6 73. Ka8 Qb7# 0-1

[Event "Championnats de la Loire jeunes - pupil"]
[Site "St-Etienne"]
[Date "????.??.??"]
[Round "2.2"]
[White "Rivet, Quentin"]
[Black "Gidrol, Thibault"]
[Result "0-1"]
[WhiteElo "1099"]
[BlackElo "1280"]
[PlyCount "98"]

1. e4 d6 2. Nf3 g6 3. Nc3 Nc6 4. Bb5 Bg7 5. O-O Nf6 6. d3 O-O 7. Be3 a6 8. Bxc6
bxc6 9. Qe2 h6 10. d4 Kh7 11. Qc4 d5 12. Qxc6 Rb8 13. e5 Ng4 14. b3 Rb6 15. Qc5
Rb5 16. Nxb5 axb5 17. Qxb5 Bd7 18. Qxd5 Nxe3 19. Qe4 Nxf1 20. Rxf1 Bb5 21. Re1
Qe8 22. e6 Bc6 23. Qg4 Bxf3 24. Qxf3 fxe6 25. Rxe6 Rxf3 26. gxf3 Qf7 27. Re3
Bxd4 28. Rd3 Qf4 29. c3 Qg5+ 30. Kf1 Qc1+ 31. Kg2 Bc5 32. b4 Bb6 33. Rd7 Qg5+
34. Kf1 Qh4 35. Rd2 Qxh2 36. a4 Qh1+ 37. Ke2 Qh2 38. Kd3 Qd6+ 39. Kc2 Qc6 40.
a5 Qa4+ 41. Kb2 Bxa5 42. bxa5 Qb5+ 43. Kc2 Qxa5 44. Rd7 Qa4+ 45. Kb2 Qxd7 46.
c4 h5 47. Kb3 h4 48. Kb4 h3 49. c5 h2 0-1

[Event "Championnats de la Loire jeunes - pupil"]
[Site "St-Etienne"]
[Date "????.??.??"]
[Round "2.3"]
[White "Grail, Jim"]
[Black "Chambosse, Ludine"]
[Result "1-0"]
[WhiteElo "1099"]
[BlackElo "1220"]
[PlyCount "20"]

1. e4 e5 2. Qh5 Nf6 3. Qxe5+ Qe7 4. Qxc7 Qd8 5. Qf4 Be7 6. e5 Nd5 7. Qf3 O-O 8.
Bd3 Nf6 9. exf6 Bxf6 10. Qe4 10... Re8 {11.Dxh7+ impossible !} 1-0

[Event "Championnats de la Loire jeunes - pupil"]
[Site "St-Etienne"]
[Date "????.??.??"]
[Round "2.4"]
[White "Paran, Gregoire"]
[Black "Charron, Arthur"]
[Result "1-0"]
[WhiteElo "1099"]
[BlackElo "1099"]
[PlyCount "43"]

1. e4 e5 2. Nf3 Nc6 3. Nc3 Nf6 4. d4 exd4 5. Nxd4 Nxd4 6. Qxd4 b6 7. e5 Bc5 8.
Qd1 O-O 9. exf6 gxf6 10. Bd3 Re8+ 11. Be3 Bxe3 12. fxe3 Rxe3+ 13. Ne2 Qe8 14.
O-O Bb7 15. Ng3 Kh8 16. Qh5 Qg8 17. Rxf6 Re2 18. Bxe2 Re8 19. Bd3 Re3 20. Rxf7
Rxg3 21. Rxh7+ Qxh7 22. Qxh7# 1-0

[Event "Championnats de la Loire jeunes - pupil"]
[Site "St-Etienne"]
[Date "????.??.??"]
[Round "3.1"]
[White "Desassis, Gregoire"]
[Black "Gidrol, Thibault"]
[Result "1-0"]
[WhiteElo "1260"]
[BlackElo "1280"]
[PlyCount "153"]

1. d4 g6 2. c4 d6 3. e4 Nd7 4. Nc3 Bg7 5. Nf3 Ngf6 6. Bd3 O-O 7. O-O e5 8. Be3
Ng4 9. Bg5 Ngf6 10. h3 h6 11. Be3 c5 12. d5 Kh7 13. Nb5 Qe7 14. Nh2 a6 15. Na3
b5 16. cxb5 axb5 17. Nxb5 Ba6 18. Qa4 Bxb5 19. Qxb5 Rab8 20. Qc4 Rxb2 21. Bc1
Rb4 22. Qc2 c4 23. Bxc4 Nc5 24. f3 Qa7 25. Qc3 Na4+ 26. Qe3 Qxe3+ 27. Bxe3 Rxc4
28. Rfe1 Nb2 29. Reb1 Nd3 30. a4 Nd7 31. a5 Nb8 32. Ba7 Na6 33. Nf1 Nf4 34. Nd2
Rc2 35. Be3 Ne2+ 36. Kh2 Rc3 37. Nc4 Rxc4 38. Rb6 Nc7 39. Rxd6 Rc3 40. Bd2 Rd3
41. Bb4 Ne8 42. Rc6 Rg8 43. a6 Nf6 44. a7 Ra8 45. Rb6 Nd7 46. Rb7 Nf6 47. Rb8
Rxa7 48. Rxa7 Rb3 49. Ra4 Rb2 50. Bd6 Rxb8 51. Bxb8 Bf8 52. Ra7 Kg7 53. Bxe5
Bc5 54. Ra2 Nc1 55. Rc2 Be3 56. Bxf6+ Kxf6 57. Rc6+ Kg7 58. d6 Bg5 59. d7 Nd3
60. Rd6 Bf4+ 61. g3 Bxd6 62. d8=Q Bxg3+ 63. Kxg3 Ne5 64. Qd4 Kf6 65. Qd6+ Kg7
66. Qxe5+ Kh7 67. Qf6 h5 68. Qxf7+ Kh6 69. e5 Kg5 70. f4+ Kh6 71. Qg8 g5 72.
Qxg5+ Kh7 73. Kf3 Kh8 74. Ke4 h4 75. Kf5 Kh7 76. Kf6 Kh8 77. Qg7# 1-0

[Event "Championnats de la Loire jeunes - pupil"]
[Site "St-Etienne"]
[Date "????.??.??"]
[Round "3.2"]
[White "Rivet, Quentin"]
[Black "Carrot, Axel"]
[Result "0-1"]
[WhiteElo "1099"]
[BlackElo "1340"]
[PlyCount "116"]

1. e4 e5 2. Nf3 Nc6 3. Nc3 Bb4 4. d3 Bxc3+ 5. bxc3 d6 6. Be2 Be6 7. O-O Nf6 8.
Bg5 O-O 9. Qd2 h6 10. Bh4 Qe7 11. d4 exd4 12. cxd4 Bg4 13. Qd3 Bxf3 14. Qxf3
Nxd4 15. Qd3 Nxe2+ 16. Qxe2 Qxe4 17. Qxe4 Nxe4 18. Rfe1 Rfe8 19. Re2 Nc5 20.
Rae1 Rxe2 21. Rxe2 g5 22. Bg3 Kf8 23. f3 h5 24. Bf2 Ne6 25. Be1 Re8 26. Bf2 b6
27. Kf1 a5 28. Be1 Ra8 29. c3 b5 30. a3 c5 31. Rb2 Rb8 32. c4 b4 33. a4 Nc7 34.
Ke2 Na8 35. Kd3 Nb6 36. Ra2 Re8 37. Bd2 Kg7 38. Bxg5 Kg6 39. Bf4 Rd8 40. Ke4
d5+ 41. cxd5 Nxd5 42. Bc1 Nc3+ 43. Kf4 Nxa2 44. Be3 b3 45. Bxc5 b2 46. Bb6 Ra8
47. Bc7 b1=Q 48. Kg3 Qe1+ 49. Kh3 Nc3 50. Bg3 Qe6+ 51. Kh4 Rc8 52. Bf4 Ne2 53.
g3 Nxf4 54. gxf4 Qe3 55. Kg3 Rc3 56. Kh4 Qxf3 57. f5+ Kxf5 58. h3 Qxh3# 0-1

[Event "Championnats de la Loire jeunes - pupil"]
[Site "St-Etienne"]
[Date "????.??.??"]
[Round "3.3"]
[White "Chambosse, Ludine"]
[Black "Charron, Arthur"]
[Result "1-0"]
[WhiteElo "1220"]
[BlackElo "1099"]
[PlyCount "51"]

1. e4 e5 2. d3 Nf6 3. Nf3 Nc6 4. Nc3 Bc5 5. d4 Bb4 6. dxe5 Nxe5 7. Nxe5 O-O 8.
Bc4 Qe7 9. Bxf7+ Rxf7 10. Nxf7 Qxf7 11. O-O b6 12. Qe2 Bb7 13. f3 Bc5+ 14. Kh1
Qh5 15. e5 Re8 16. Bf4 g5 17. Bg3 Kf7 18. Ne4 Re6 19. Nxc5 bxc5 20. Qb5 Bc6 21.
Qxc5 Ne4 22. fxe4+ Rf6 23. Rxf6+ Kg7 24. Qe7+ Qf7 25. Qxf7+ Kh8 26. Qf8# 1-0

[Event "Championnats de la Loire jeunes - pupil"]
[Site "St-Etienne"]
[Date "????.??.??"]
[Round "4.1"]
[White "Desassis, Gregoire"]
[Black "Chambosse, Ludine"]
[Result "1-0"]
[WhiteElo "1260"]
[BlackElo "1220"]
[PlyCount "47"]

1. d4 d5 2. c4 Nc6 3. Nc3 e5 4. Nf3 dxc4 5. e3 Bb4 6. Bd2 Nf6 7. Bxc4 Be6 8.
Bxe6 fxe6 9. dxe5 Nd5 10. Ne4 O-O 11. Neg5 Qd7 12. Nd4 Bxd2+ 13. Qxd2 Nxd4 14.
exd4 Qe7 15. O-O Rf5 16. Nf3 Rf6 17. exf6 Qxf6 18. Rfe1 Re8 19. Qg5 Qxg5 20.
Nxg5 h6 21. Rxe6 g6 22. Rxe8+ Kg7 23. Rae1 Nf6 24. R1e7# 1-0